Arte, gente, sentimientos. (Record no. 4556)

MARC details
000 -CABECERA
campo de control de longitud fija 00647ngm a2200205 a 4500
005 - FECHA Y HORA DE LA ÚLTIMA TRANSACCIÓN
campo de control 20240910064230.0
008 - ELEMENTOS DE LONGITUD FIJA--INFORMACIÓN GENERAL
campo de control de longitud fija 991125s1970 mx 015 aaspa u
035 ## - NÚMERO DE CONTROL DEL SISTEMA
Número de control de sistema UPN01000004556
049 ## - COLECCIÓN
Colección AV
050 #4 - SIGNATURA TOPOGRÁFICA DE LA BIBLIOTECA DEL CONGRESO
Número de clasificación PVI H 0028
245 00 - MENCIÓN DE TÍTULO
Título Arte, gente, sentimientos.
260 ## - PUBLICACIÓN, DISTRIBUCIÓN, ETC.
Lugar de publicación, distribución, etc. México :
Nombre del editor, distribuidor, etc. Películas Mel,
Fecha de publicación, distribución, etc. [197?].
300 ## - DESCRIPCIÓN FÍSICA
Extensión 1 videocasete (VHS) (15 min.) :
Otras características físicas son., col.
500 ## - NOTA GENERAL
Nota general Número que le corresponde en el catálogo de películas Mel: 817
520 ## - NOTA DE RESUMEN, ETC.
Sumario, etc. Una comunicación del sentimiento a través de artes visuales
650 #0 - ASIENTO SECUNDARIO DE MATERIA - TERMINO TEMATICO
Término de materia o nombre geográfico como elemento de entrada Arte
9 (RLIN) 2457
650 #4 - ASIENTO SECUNDARIO DE MATERIA - TERMINO TEMATICO
Término de materia o nombre geográfico como elemento de entrada Comunicación
9 (RLIN) 9285
650 #4 - ASIENTO SECUNDARIO DE MATERIA - TERMINO TEMATICO
Término de materia o nombre geográfico como elemento de entrada PERCEPCION
905 ## - TIPO DE MATERIAL
Tipo de material Audiovisuales
Holdings
Estado de retiro Estado de pérdida Fuente del sistema de clasificación o colocación Estado dañado No para préstamo Código de colección Localización permanente Ubicación/localización actual Ubicación en estantería Total de préstamos Clasificación Código de barras Fecha visto por última vez Número de copia Tipo de ítem Koha
    Library of Congress Classification     Audiovisuales Bib. Gregorio Torres Quintero Bib. Gregorio Torres Quintero Audiovisual   PVI H 0028 0028PVI 31/12/2020 1 Videocasete